Central Library OPAC University of Rajshahi

Geography / (Record no. 68984)

MARC details
000 -LEADER
fixed length control field 00765nam a2200241 a 4500
001 - CONTROL NUMBER
control field 68984
003 - CONTROL NUMBER IDENTIFIER
rucl marc code BD-RjUL
005 - DATE AND TIME OF LATEST TRANSACTION
control field 20211209081833.0
008 - FIXED-LENGTH DATA ELEMENTS--GENERAL INFORMATION
fixed length control field 170409s1983 cc b 000 0 eng d
020 ## - INTERNATIONAL STANDARD BOOK NUMBER
International Standard Book Number 0835109844
035 ## - SYSTEM CONTROL NUMBER
System control number (BD-RjUL)69195
040 ## - CATALOGING SOURCE
Original cataloging agency NUN
Language of cataloging eng
Transcribing agency NUN
Modifying agency BD-RjUL
041 1# - LANGUAGE CODE
Language code of text/sound track or separate title eng
Language code of original chi
082 14 - DEWEY DECIMAL CLASSIFICATION NUMBER
Classification number 915.1
Edition number 23
Author mark and year GEO 1983
245 00 - TITLE STATEMENT
Title Geography /
Statement of responsibility, etc. compiled by the China Handbook Editorial Committee ; translated by Liang Liangxing.
260 ## - PUBLICATION, DISTRIBUTION, ETC. (IMPRINT)
Place of publication, distribution, etc. Beijing :
Name of publisher, distributor, etc. Foreign Languages Press,
Date of publication, distribution, etc. 1983.
300 ## - PHYSICAL DESCRIPTION
Pagination 260 p. :
Illustrations ill. ;
Size 19 cm.
650 #0 - SUBJECT ADDED ENTRY--TOPICAL TERM
Topical term or geographic name as entry element Geography
Geographic subdivision China.
9 (RLIN) 204375
710 2# - ADDED ENTRY--CORPORATE NAME
Corporate name or jurisdiction name as entry element "Chung-kuo shou ts`e" pien chi wei yuan hui.
9 (RLIN) 204376
856 ## - ELECTRONIC LOCATION AND ACCESS
Materials specified China handbook series
942 ## - ADDED ENTRY ELEMENTS (KOHA)
Source of classification or shelving scheme Dewey Decimal Classification
Koha item type Books
Holdings
Lost status Source of classification or shelving scheme Damaged status Not for loan Collection code Permanent Location Current Location Shelving location Date acquired Source of acquisition Total Checkouts Full call number Date last seen Copy number Koha item type
  Dewey Decimal Classification   Not For Loan Non-fiction Central Library, University of Rajshahi Central Library, University of Rajshahi Reading Room 12/06/1984 Laki Book House.chia   915.1 GEO 1983 09/04/2017 C-1 Books
  Dewey Decimal Classification     Non-fiction Central Library, University of Rajshahi Central Library, University of Rajshahi   25/10/1984 Chaina Embassy   915.1 GEO 1983 20/05/2017 C-5 Books
  Dewey Decimal Classification     Non-fiction Central Library, University of Rajshahi Central Library, University of Rajshahi   25/10/1984 Chaina Embassy   915.1 GEO 1983 20/05/2017 C-4 Books
  Dewey Decimal Classification     Non-fiction Central Library, University of Rajshahi Central Library, University of Rajshahi   25/10/1984 Chaina Embassy   915.1 GEO 1983 20/05/2017 C-3 Books
  Dewey Decimal Classification     Non-fiction Central Library, University of Rajshahi Central Library, University of Rajshahi   25/10/1984 Chaina Embassy   915.1 GEO 1983 20/05/2017 C-2 Books